S19 駅名クイズ - 京阪電車 ver. - Statistics

General Stats
  • This quiz has been taken 473 times
    353 since last reset
  • The average score is 55 of 94
Answer Stats
Number Answer % Correct
KH27
96%
KH01 淀屋橋
95%
KH04 京橋
94%
KH03 天満橋
93%
KH21 枚方市
93%
KH03 天満橋
93%
KH21 枚方市
93%
KH02 北浜
92%
KH42 出町柳
91%
KH40 三条
89%
KH40 三条
89%
KH28 中書島
88%
KH28 中書島
88%
KH24 樟葉
86%
KH11 守口市
85%
KH13 門真市
85%
KH17 寝屋川市
85%
KH20 枚方公園
85%
KH37 七条
85%
KH54 中之島
85%
KH26 石清水八幡宮
83%
KH39 祇園四条
83%
KH30 丹波橋
82%
KH77 宇治
79%
KH16 萱島
78%
KH18 香里園
77%
KH38 清水五条
77%
KH34 伏見稲荷
76%
KH41 神宮丸太町
76%
KH05 野江
75%
KH06 関目
75%
KH67 私市
75%
KH36 東福寺
74%
KH08 千林
73%
KH09 滝井
72%
KH10 土居
71%
KH33 龍谷大前深草
68%
KH65 交野市
68%
KH53 渡辺橋
67%
KH07 森小路
66%
KH25 橋本
66%
KH29 伏見桃山
64%
KH31 墨染
63%
KH14 古川橋
61%
KH12 西三荘
60%
KH19 光善寺
60%
KH23 牧野
60%
KH35 鳥羽街道
60%
KH51 なにわ橋
60%
KH52 大江橋
59%
OT12 びわ湖浜大津
59%
OT12 びわ湖浜大津
59%
KH15 大和田
58%
KH32 藤森
58%
KH22 御殿山
54%
T08 御陵
54%
KH73 六地蔵
53%
OT31 京阪山科
53%
OT01 石山寺
52%
KH75 黄檗
50%
OT34 大谷
47%
OT03 京阪石山
45%
OT09 京阪膳所
45%
KH66 河内森
44%
OT21 坂本比叡山口
44%
KH71 観月橋
42%
KH74 木幡
39%
OT15 京阪大津京
39%
OT32 四宮
39%
KH61 宮之阪
37%
KH72 桃山南口
37%
KH76 三室戸
36%
KH62 星ヶ丘
35%
KH63 村野
35%
OT16 近江神宮前
32%
OT33 追分
32%
OT35 上栄町
32%
KH64 郡津
31%
OT14 大津市役所前
29%
OT07 膳所本町
27%
KH80 ケーブル八幡宮口
25%
OT02 唐橋前
25%
OT13 三井寺
25%
OT19 穴太
25%
KH81 ケーブル八幡宮山上
24%
OT11 島ノ関
23%
OT08
22%
OT17 南滋賀
22%
OT20 松ノ馬場
22%
OT05 瓦ヶ浜
21%
OT18 滋賀里
21%
OT04 粟津
20%
OT06 中ノ庄
20%
OT10 石場
20%
No matching quizzes found
Score Distribution
Percent of People with Each Score
Percentile by Number Answered
Your Score History
You have not taken this quiz since the last reset